000 01176cam a2200361 4500
001 18980060
003 ARRUPE
005 20161013090820.0
008 160218s2016 sz b 000 0 eng d
010 _a 2015473779
020 _a9782825416747
_q(pbk.)
020 _a2825416746
_q(pbk.)
035 _a(OCoLC)ocn934406664
040 _aCDX
_beng
_cCDX
_dUAB
_dOCLCQ
_dDLC
042 _alccopycat
043 _af------
050 0 0 _aBV4460.7A166
082 0 4 _a261.8/3576
_223
100 _aEzra Chitando (ed.)
_926490
245 0 0 _aAbundant life :
_bthe churches and sexuality /
_cedited by Ezra Chitando and Nyambura Njoroge.
260 _aGeneva
_bWorld Council of Churches
_c2016
300 _aviii, 171 p.;
_c22 cm.
490 1 _aEHAIA series
504 _aIncludes bibliographical references.
650 0 _aChurch work with AIDS (Disease)
_926491
650 0 _aAIDS (Desease)
_zAfrica.
_926492
700 1 _aChitando, Ezra,
_eeditor.
_918721
700 1 _aNjoroge, Nyambura J.,
_eeditor.
_926493
830 0 _aEHAIA series.
_918718
906 _a7
_bcbc
_ccopycat
_d2
_encip
_f20
_gy-gencatlg
942 _2lcc
_cMONOGRAPH
999 _c125425
_d125425